MARC details
| 000 -CABECERA |
| campo de control de longitud fija |
00839cam a22002774a 4500 |
| 003 - IDENTIFICADOR DEL NÚMERO DE CONTROL |
| campo de control |
UPN |
| 005 - FECHA Y HORA DE LA ÚLTIMA TRANSACCIÓN |
| campo de control |
20240501063710.0 |
| 008 - ELEMENTOS DE LONGITUD FIJA--INFORMACIÓN GENERAL |
| campo de control de longitud fija |
090210s2006 es r 000 f spa d |
| 020 ## - NÚMERO INTERNACIONAL NORMALIZADO PARA LIBROS |
| Número Internacional Estándar del Libro |
8466318550 |
| 035 ## - NÚMERO DE CONTROL DEL SISTEMA |
| Número de control de sistema |
UPN01000169072 |
| 040 ## - FUENTE DE LA CATALOGACIÓN |
| Centro catalogador/agencia de origen |
UPN |
| Lengua de catalogación |
spa |
| Centro/agencia transcriptor |
UPN |
| 049 ## - COLECCIÓN |
| Colección |
CG |
| 050 #4 - SIGNATURA TOPOGRÁFICA DE LA BIBLIOTECA DEL CONGRESO |
| Número de clasificación |
PQ2627 E3 |
| Número de documento/Ítem |
C84 |
| 100 1# - ASIENTO PRINCIPAL--NOMBRE PERSONAL |
| Nombre de persona |
Meersch, Maxence van der, |
| Fechas asociadas al nombre |
1907-1951 |
| 9 (RLIN) |
46433 |
| 245 10 - MENCIÓN DE TÍTULO |
| Título |
Cuerpos y almas / |
| Mención de responsabilidad, etc. |
Maxence Van der Meersch ; traducción Salvador Marsal. |
| 260 ## - PUBLICACIÓN, DISTRIBUCIÓN, ETC. |
| Lugar de publicación, distribución, etc. |
Madrid : |
| Nombre del editor, distribuidor, etc. |
A. Michel, |
| Fecha de publicación, distribución, etc. |
2006. |
| 300 ## - DESCRIPCIÓN FÍSICA |
| Extensión |
788 páginas |
| 490 0# - MENCIÓN DE SERIE |
| Mención de serie |
Punto de lectura ; |
| Designación de volumen o secuencia |
35.1 |
| 534 ## - NOTA SOBRE LA VERSIÓN ORIGINAL |
| Frase introductoria |
Título original: |
| Mención de título del original |
Corps et ámes |
| 650 #4 - ASIENTO SECUNDARIO DE MATERIA - TERMINO TEMATICO |
| Término de materia o nombre geográfico como elemento de entrada |
Novela francesa |
| 9 (RLIN) |
8238 |
| 650 #4 - ASIENTO SECUNDARIO DE MATERIA - TERMINO TEMATICO |
| Término de materia o nombre geográfico como elemento de entrada |
Médicos |
| Subdivisión de forma |
Novela |
| 9 (RLIN) |
8218 |
| 700 1# - ASIENTO SECUNDARIO--NOMBRE DE PERSONAL |
| Nombre de persona |
Marsal, Salvador, |
| Fechas asociadas al nombre |
1906-1972 |
| Término indicativo de función/relación |
traductor |
| 9 (RLIN) |
46546 |
| 902 ## - ELEMENTOS DE DATOS B LOCAL, LDB (RLIN) |
| Modificó |
Carolina Alvarado/220922/M |
| 905 ## - TIPO DE MATERIAL |
| Tipo de material |
Libro |
| 942 ## - ELEMENTOS DE PUNTO DE ACCESO ADICIONAL (KOHA) |
| Fuente del sistema de clasificación o colocación |
Library of Congress Classification |
| Tipo de ítem Koha |
Libro |